000 00408nab a22001457 4500
003 ES-SlBCS
005 20220212160509.0
008 140521s2014 sp ||||| |||| 00| 0 spa d
040 _aES-SlBC
_bspa
041 _aspa
100 1 _aTracy, David
_916480
245 1 4 _aUna hermenéutica de la ortodoxia
_cDavid Tracy
773 0 _gNúm. 355, 2014, págs. 69-82
_tConcilium
_wRev134
_x0210-1041
942 _2lcc
_cAR
999 _c454023
_d454023